| 000 | 00745nam a2200229 i 4500 | ||
|---|---|---|---|
| 001 | 68997 | ||
| 003 | ES-MaACL | ||
| 005 | 20250620063017.0 | ||
| 007 | t| | ||
| 008 | 040825s1963 sp ||||1| spa d | ||
| 080 | _a821.134.2-14"19" | ||
| 100 | 1 |
_aJara Carrillo, Pedro, _d1878-1927 _966091 |
|
| 245 | 1 | 0 |
_aLibro de las canciones / _cP. Jara Carrillo. |
| 250 | _a2ª ed. | ||
| 260 |
_aMurcia : _bSucesores de Nogués, _c1963. |
||
| 300 |
_a189 p., [1 h. de lám.] ; _c21 cm. |
||
| 490 | 1 |
_aObras completas ; _v3 |
|
| 599 | _aLa h. de lám., reproducción de la portada de la primera edición, que incluye retrato del autor. | ||
| 830 | 0 |
_aObras completas ; _v3 _9176447 |
|
| 852 |
_aES-MaACL _jG-6799 |
||
| 999 |
_c68997 _d68997 |
||